'G' Logos Quiz Stats

 Plays Quiz Updated May 3, 2016

Also try: 'S' Logos
Challenge
Share
Tweet
Score 0/20 Timer 05:00
2 Plays Today
% Correct
Google
99.1%
Gap
91.8%
General Electric
91.4%
Goodyear
90.9%
Gatorade
88.6%
Gucci
71.4%
General Motors
70.5%
Greyhound
69.5%
Guinness
68.2%
General Mills
64.1%
% Correct
Grizzlies (Memphis)
63.3%
Green Lantern
61.6%
GameCube (Nintendo)
58.8%
Gulf Oil
56.4%
Geico
54.5%
Girl Scouts of America
53%
Garnier
37.4%
Garmin
36.8%
GlaxoSmithKline
29.2%
Greenpeace
21.4%

You're not logged in!

Compare scores with friends on all Sporcle quizzes.
Join for Free
OR
Log In

You Might Also Like...

Show Comments

Extras

Top Quizzes Today


Score Distribution

Your Account Isn't Verified!

In order to create a playlist on Sporcle, you need to verify the email address you used during registration. Go to your Sporcle Settings to finish the process.

Report this User

Report this user for behavior that violates our Community Guidelines.

Details: